000
00261nam a2200109Ia 4500
008
230320s9999||||xx |||||||||||||| ||spa||
082
_a
184/P66A
100
_a
Platón
245
0
_a
Alcibiades O De La Naturaleza Del Hombre
260
_b
Aguilar
942
_8
0
_c
LIB
999
_c
26112
_d
26112